ARRUPE JESUIT UNIVERSITY

CORONAVIRUS -STOP THE SPREAD - CLEAN,DISINFECT,COVER

Underdevelopment in Kenya (Record no. 29923)

MARC details
000 -LEADER
fixed length control field 00458nam a2200181Ia 4500
003 - CONTROL NUMBER IDENTIFIER
control field 0100
005 - DATE AND TIME OF LATEST TRANSACTION
control field 20190702102912.0
008 - FIXED-LENGTH DATA ELEMENTS--GENERAL INFORMATION
fixed length control field 130303s9999 xx 000 0 und d
040 ## - CATALOGING SOURCE
Transcribing agency ARRUPELIB
050 ## - LIBRARY OF CONGRESS CALL NUMBER
Classification number HC517.K4L49 1975
300 ## - PHYSICAL DESCRIPTION
Other physical details 23 cm.
100 ## - MAIN ENTRY--PERSONAL NAME
Personal name Leys, Colin
9 (RLIN) 3684
245 ## - TITLE STATEMENT
Title Underdevelopment in Kenya
245 ## - TITLE STATEMENT
Remainder of title the political economy of neo-colonialism 1964-1971
260 ## - PUBLICATION, DISTRIBUTION, ETC. (IMPRINT)
Place of publication, distribution, etc Berkeley
Name of publisher, distributor, etc University of California
Date of publication, distribution, etc 1975
300 ## - PHYSICAL DESCRIPTION
Extent 284p.
650 ## - SUBJECT ADDED ENTRY--TOPICAL TERM
Topical term or geographic name as entry element Kenya
General subdivision Economic conditions
9 (RLIN) 46753
650 ## - SUBJECT ADDED ENTRY--TOPICAL TERM
Topical term or geographic name as entry element Kenya
General subdivision Politics
9 (RLIN) 23120
650 ## - SUBJECT ADDED ENTRY--TOPICAL TERM
Topical term or geographic name as entry element Kenya
General subdivision Social conditions
9 (RLIN) 46754
942 ## - ADDED ENTRY ELEMENTS (KOHA)
Source of classification or shelving scheme Library of Congress Classification
Koha item type Monograph ( Printed materials)
Holdings
Withdrawn status Lost status Source of classification or shelving scheme Damaged status Not for loan Collection code Home library Current library Shelving location Date acquired Total Checkouts Full call number Barcode Date last seen Copy number Price effective from Koha item type Date checked out
    Library of Congress Classification     Main Collection ARRUPE LIBRARY ARRUPE LIBRARY   04/03/2013   HC517.K4L49 1975 46003091707 23/04/2018 1 04/03/2013 Monograph ( Printed materials)  
    Library of Congress Classification     Main Collection ARRUPE LIBRARY ARRUPE LIBRARY   04/03/2013 1 HC517.K4L49 1975 46003030476 29/04/2019 2 04/03/2013 Monograph ( Printed materials) 01/04/2019

 

Arrupe Library. PO Box MP320 Mt Pleasant, Harare, Zimbabwe
263 242 745411|librarian@aju.ac.zw